000 00439nam a2200181Ia 4500
001 22683
005 20260414150847.0
008 260414t2015||||xx |||||||||||||| ||spa||
041 _aESP
082 _a621.384
_bR22S
100 _aRamírez Luz, Ramón
_eAUT
245 0 _aSistemas de radiocomunicaciones
_b
260 _c2015
300 _axii, 380 páginas :
_c27 cm.
650 _aTCA
654 _aCET
942 _cLIB
_dJUS
_fJUS
_2ddc
_n
999 _c22683
_d22683